00509cam a2200169ua 45000010005000000080039000050200018000440400009000620820011000711000030000822450075001122500009001872600050001963000023002466530014002696530056002831891110811n ii |||gr||||Z||||||eng a81-207-1381-8 cMAIN a155.45 aKar, Chintamani,eAuthor.1 aExceptional children their psychology and educationcby Chintamani Kar a1st. aNew Delhi:bSterling publishers pvt. ltd,998. aviii; 183p:c23cm. aEducation aExceptional children their psychology and education